| 000 | 00549nam a2200193 i 4500 | ||
|---|---|---|---|
| 001 | 130529 | ||
| 003 | ES-MaACL | ||
| 005 | 20250801034201.0 | ||
| 007 | t| | ||
| 008 | 070731s1967 sp ||||1| spa d | ||
| 100 | 1 |
_aZaragüeta, Juan. _9118040 |
|
| 245 | 1 | 0 |
_aEspiritualidad cristiana / _cJuan Zaragüeta Bengoechea. |
| 260 |
_aMadrid : _bEspasa Calpe, _c1967. |
||
| 300 |
_a302 p. ; _c23 cm. |
||
| 650 | 4 |
_aVida espiritual. _912505 |
|
| 650 | 1 | 7 |
_aCristianismo _2embne _911425 |
| 852 |
_aES-MaACL _jB-8563 _bR.65537 |
||
| 999 |
_c130529 _d130529 |
||